000 01060nam a22002297a 4500
005 20250402103407.0
008 250402b |||||||| |||| 00| 0 eng d
020 _a978-81-909463-0-8 (hbk)
037 _cTB
040 _aCRL
_cCRL
041 _2hin
_ahin
_hsan
084 _aR65,6:g 152Q0
_qCRL
100 _aभारद्वाज, सुधीकान्त
245 _aभागवत विमर्श:
_bसप्ताह क्रम से कथासार एवं तात्विक विवेचन
260 _aदिल्ली, भारत:
_bभारद्वाज इंटरनेशनल पब्लिशर्स,
_c2010,
300 _a440पृ0
365 _b700.00
_cINR
546 _aTranslated from Sanskrit to Hindi
650 _aभागवत गीता
942 _2CC
_cTB
_hR65,6:g 152Q0
_n0
999 _c1308378
_d1308378